<?xml version="1.0" encoding="UTF-8"?>
<marc:record xmlns:marc="http://www.loc.gov/MARC21/slim">
   <marc:leader>00000nam a2200000 a 4500</marc:leader>
   <marc:datafield ind1=" " ind2=" " tag="653">
      <marc:subfield code="a">Thriller</marc:subfield>
   </marc:datafield>
   <marc:datafield ind1=" " ind2=" " tag="653">
      <marc:subfield code="a">Amerika</marc:subfield>
   </marc:datafield>
   <marc:datafield ind1=" " ind2=" " tag="653">
      <marc:subfield code="a">Action</marc:subfield>
   </marc:datafield>
   <marc:datafield ind1=" " ind2=" " tag="653">
      <marc:subfield code="a">US-Präsident</marc:subfield>
   </marc:datafield>
   <marc:datafield ind1=" " ind2=" " tag="653">
      <marc:subfield code="a">Washington</marc:subfield>
   </marc:datafield>
   <marc:datafield ind1="0" ind2="0" tag="245">
      <marc:subfield code="a">Olympus has fallen - die Welt in Gefahr</marc:subfield>
   </marc:datafield>
   <marc:datafield ind1="0" ind2="0" tag="245">
      <marc:subfield code="b">Aaron Eckhart ; Angela Bassett ...</marc:subfield>
   </marc:datafield>
   <marc:datafield ind1=" " ind2="1" tag="264">
      <marc:subfield code="b">Universal</marc:subfield>
      <marc:subfield code="c">2013</marc:subfield>
   </marc:datafield>
   <marc:datafield ind1="1" ind2=" " tag="520">
      <marc:subfield code="a">Mike Banning ist einer der besten Secret-Service-Agenten der USA. Aber auch er kann nicht verhindern, dass der Wagen, in dem die First Lady sitzt, an Weihnachten eine Brücke herabstürzt. Präsident Asher kann den Tod seiner Frau nicht überwinden und fühlt sich durch Banning immer daran erinnert. Als Resultat wird Banning an einen Schreibtisch strafversetzt. 18 Monate später dringt eine nordkoreanische Terroristen-Gruppe in das Weisse Haus ein. Sie halten den Präsidenten mit seinem Gefolge in einem Bunker gefangen. Jeder Versuch, ins Weisse Haus einzudringen, scheitert, nur Banning schafft es in die Festung und ein Wettlauf gegen die Zeit beginnt. - Der Action-Thriller mit Gerard Butler, Aaron Eckhart und Morgan Freeman ist für das Genre ungewöhnlich gewalttätig. Es werden grausame Foltermethoden gezeigt. Die Computer-Effekte sind dagegen eher sehr schwach. Der solide B-Movie präsentiert gute Nahkampfszenen, solide Schauspieler und den typischen amerikanischen Patriotismus</marc:subfield>
   </marc:datafield>
</marc:record>
